00936nam a22002537a 45000010005000000030006000050050017000110080041000280200018000690400029000870500013001160820011001291000018001402450187001582600037003453000059003824900035004415050007004765200106004835210019005895210019006086500023006277000032006503887FISKH20240614102639.0240521b cb ||||| |||| 00| 0 eng d a9780439684026 aFISKHbengcFISKHdFISKH aQP111.6  a612.17 aCapeci, Anne  aThe magic school bus has a heart /cWritten by Anne Capeci with consultation by Joanna Cole. Base on The Magic School Bus books written by Joanna Cole and illustrated by Bruce Degen. aNew York : bScholastic, c2005. a32 unnumbered pages : bcolor illustrations ; c23 cm  aThe magic school bus vLevel 2 aJ  aA story about Ms. Frizzle's class teaches young readers about the human heart and circulatory system.8 a490 bLexile 8 aJ bRaz-Plus  aHuman Body xHeart aDegen, Bruce eillustrator